Normal view
MARC view
Entry Uniform Title
001 - CONTROL NUMBER
- control field: 46556
003 - CONTROL NUMBER IDENTIFIER
- control field: dpl
005 - DATE AND TIME OF LATEST TRANSACTION
- control field: 20120507144337.0
008 - FIXED-LENGTH DATA ELEMENTS
- fixed length control field: 120507|||a|||||| | ||| d
040 ## - CATALOGING SOURCE
- Original cataloging agency: dpl
- Transcribing agency: dpl
130 ## - HEADING--UNIFORM TITLE
- Uniform title: Law in India
670 ## - SOURCE DATA FOUND
- Source citation: Work cat.: (dpl)50102: Krishnaswamy, Sudhir 46555, Democracy and constitutionalism in India : , 2010
670 ## - SOURCE DATA FOUND
- Source citation: Work cat.: (dpl)50102: Krishnaswamy, Sudhir 46555, Democracy and constitutionalism in India : , 2010
